000 00333nam a2200133Ia 4500
008 240624s9999 xx 000 0 und d
041 _aeng
082 _a378.1734 BON
100 _aBONK CURTIS J
245 _aHANDBOOK OF BLENDED LEARNING GLOBAL PERS
260 _c2005
_aNew Jersey
_bPfeiffer
300 _a624 : p.
365 _c
_b30
999 _c20201
_d20201